[Event "EYTCC Open U12 2018"]
[Site "Bad Blankeburg"]
[Date "2018.07.17"]
[Round "8"]
[White "Kabadayi, Suleyman Arda"]
[Black "Klachkou, Platon"]
[Result "0-1"]
[WhiteElo "1650"]
[BlackElo "1576"]
[Annotator "NA"]
[PlyCount "184"]
[EventDate "2018.07.12"]
[EventType "swiss"]
[EventCountry "GER"]
[SourceTitle "playchess.com"]
[Source "ChessBase"]
[SourceQuality "1"]
[TimeControl "40/5400+30:1800+30"]

1. e4 {[%emt 0:02:53]} d6 {[%emt 0:00:00]} 2. d4 {[%emt 0:00:22]} Nf6 {[%emt 0:00:00]} 3. Nc3 {[%emt 0:00:06]} g6 {[%emt 0:00:00]} 4. g3 {[%emt 0:00:38]} Bg7 {[%emt 0:00:11]} 5. Bg2 {[%emt 0:00:42]} O-O {[%emt 0:00:09]} 6. Nge2 {[%emt 0:00:38]} Nbd7 {[%emt 0:00:13]} 7. O-O {[%emt 0:01:59]} e5 {[%emt 0:01:30]} 8. h3 {[%emt 0:01:10]} a6 {[%emt 0:01:28]} 9. a4 {[%emt 0:03:14]} Rb8 {[%emt 0:03:26]} 10. Qd3 {[%emt 0:12:36]} Re8 {[%emt 0:11:10]} 11. Be3 {[%emt 0:03:55]} Qe7 {[%emt 0:09:32]} 12. f4 {[%emt 0:09:20]} h6 {[%emt 0:04:16]} 13. Rae1 {[%emt 0:06:18]} c6 {[%emt 0:05:27]} 14. g4 {[%emt 0:07:32]} Nh7 {[%emt 0:03:46]} 15. Ng3 {[%emt 0:06:04]} b5 {[%emt 0:04:40]} 16. b3 {[%emt 0:08:07]} b4 {[%emt 0:08:07]} 17. Nce2 {[%emt 0:00:56]} c5 {[%emt 0:00:58]} 18. d5 {[%emt 0:01:47]} Rf8 {[%emt 0:05:41]} 19. Qd2 {[%emt 0:02:48]} c4 {[%emt 0:18:29]} 20. fxe5 {[%emt 0:03:11]} Nxe5 {[%emt 0:02:24]} 21. Bxh6 {[%emt 0:03:27]} Bxh6 {[%emt 0:01:30]} 22. Qxh6 {[%emt 0:00:19]} cxb3 {[%emt 0:00:04]} 23. cxb3 {[%emt 0:00:26]} Qa7+ {[%emt 0:00:47]} 24. Kh2 {[%emt 0:03:33]} Bxg4 {[%emt 0:03:08]} 25. Qh4 {[%emt 0:04:30]} Bxe2 {[%emt 0:01:34]} 26. Nxe2 {[%emt 0:00:26]} Rbe8 {[%emt 0:01:24]} 27. Qg3 {[%emt 0:01:49]} Rc8 {[%emt 0:02:40]} 28. Rc1 {[%emt 0:00:26]} Qe7 {[%emt 0:01:21]} 29. Nd4 {[%emt 0:01:27]} Qg5 {[%emt 0:01:46]} 30. Nc6 {[%emt 0:01:38]} Rce8 {[%emt 0:02:17]} 31. Qxg5 {[%emt 0:02:17]} Nxg5 {[%emt 0:00:32]} 32. h4 {[%emt 0:00:37]} Nh7 {[%emt 0:00:48]} 33. Nxb4 {[%emt 0:01:29]} g5 {[%emt 0:00:39]} 34. hxg5 {[%emt 0:00:58]} Nxg5 {[%emt 0:00:09]} 35. Nxa6 {[%emt 0:01:04]} Ng4+ {[%emt 0:01:15]} 36. Kg3 {[%emt 0:00:58]} Ne3 {[%emt 0:00:33]} 37. Rfe1 {[%emt 0:00:31]} Nxg2 {[%emt 0:01:17]} 38. Kxg2 {[%emt 0:00:04]} Kg7 {[%emt 0:00:09]} 39. Rc3 {[%emt 0:01:53]} Re5 {[%emt 0:02:18]} 40. b4 {[%emt 0:05:16]} Nxe4 {[%emt 0:01:01]} 41. Rce3 {[%emt 0:30:23]} Rg5+ {[%emt 0:30:20]} 42. Kf3 {[%emt 0:01:25]} Nd2+ {[%emt 0:01:20]} 43. Kf4 {[%emt 0:01:20]} Rxd5 {[%emt 0:00:40]} 44. Rg3+ {[%emt 0:00:00]} Kf6 {[%emt 0:00:00]} 45. Nc7 {[%emt 0:00:00]} Rf5+ {[%emt 0:00:00]} 46. Kg4 {[%emt 0:00:00]} Rh8 {[%emt 0:00:00]} 47. a5 {[%emt 0:00:00]} Rg5+ {[%emt 0:00:00]} 48. Kf4 {[%emt 0:00:00]} Rh4+ {[%emt 0:00:00]} 49. Ke3 {[%emt 0:00:00]} Rxg3+ {[%emt 0:00:00]} 50. Kxd2 {[%emt 0:00:00]} Rd4+ {[%emt 0:00:00]} 51. Ke2 {[%emt 0:00:00]} Kf5 {[%emt 0:00:00]} 52. b5 {[%emt 0:00:00]} Ra3 {[%emt 0:00:00]} 53. a6 {[%emt 0:00:00]} Ra2+ {[%emt 0:00:00]} 54. Kf3 {[%emt 0:00:00]} Rf4+ {[%emt 0:00:00]} 55. Kg3 {[%emt 0:00:00]} Rg4+ {[%emt 0:00:00]} 56. Kf3 {[%emt 0:00:00]} Rag2 {[%emt 0:00:00]} 57. Ke3 {[%emt 0:00:00]} R4g3+ {[%emt 0:00:00]} 58. Kd4 {[%emt 0:00:00]} Rd2+ {[%emt 0:00:00]} 59. Kc4 {[%emt 0:00:00]} Rc2+ {[%emt 0:00:00]} 60. Kb4 {[%emt 0:00:00]} Rxc7 {[%emt 0:00:00]} 61. b6 {[%emt 0:00:00]} Rg4+ {[%emt 0:00:00]} 62. Kb3 {[%emt 0:00:00]} Rc6 {[%emt 0:00:00]} 63. b7 {[%emt 0:01:23]} Rb6+ {[%emt 0:00:00]} 64. Kc3 {[%emt 0:00:19]} Ra4 {[%emt 0:00:00]} 65. Re8 {[%emt 0:01:54]} Raxa6 {[%emt 0:00:00]} 66. b8=Q {[%emt 0:00:26]} Rxb8 {[%emt 0:00:00]} 67. Rxb8 {[%emt 0:00:07]} Ke5 {[%emt 0:00:00]} 68. Kd3 {[%emt 0:00:27]} Ra3+ {[%emt 0:00:00]} 69. Kd2 {[%emt 0:00:20]} d5 {[%emt 0:00:00]} 70. Rf8 {[%emt 0:00:25]} f5 {[%emt 0:00:00]} 71. Re8+ {[%emt 0:00:21]} Kd4 {[%emt 0:00:00]} 72. Rf8 {[%emt 0:00:23]} Ra2+ {[%emt 0:00:00]} 73. Ke1 {[%emt 0:00:27]} f4 {[%emt 0:00:00]} 74. Kf1 {[%emt 0:00:20]} Ke3 {[%emt 0:00:00]} 75. Re8+ {[%emt 0:00:19]} Kf3 {[%emt 0:00:00]} 76. Kg1 {[%emt 0:00:03]} d4 {[%emt 0:00:00]} 77. Rd8 {[%emt 0:00:14]} Rd2 {[%emt 0:00:00]} 78. Rh8 {[%emt 0:00:45]} Rd1+ {[%emt 0:00:03]} 79. Kh2 {[%emt 0:00:06]} Kf2 {[%emt 0:00:09]} 80. Rh4 {[%emt 0:00:28]} Ke3 {[%emt 0:00:20]} 81. Rh8 {[%emt 0:00:28]} d3 {[%emt 0:00:14]} 82. Re8+ {[%emt 0:00:22]} Kf2 {[%emt 0:00:15]} 83. Rh8 {[%emt 0:00:35]} d2 {[%emt 0:00:13]} 84. Rd8 {[%emt 0:00:17]} f3 {[%emt 0:00:10]} 85. Rd3 {[%emt 0:00:54]} Ke2 {[%emt 0:00:12]} 86. Rd8 {[%emt 0:00:17]} f2 {[%emt 0:00:03]} 87. Re8+ {[%emt 0:00:06]} Kd3 {[%emt 0:00:09]} 88. Rd8+ {[%emt 0:00:09]} Ke4 {[%emt 0:00:02]} 89. Re8+ {[%emt 0:00:40]} Kd5 {[%emt 0:00:01]} 90. Rd8+ {[%emt 0:00:31]} Kc6 {[%emt 0:00:12]} 91. Rf8 {[%emt 0:00:23]} f1=Q {[%emt 0:00:12]} 92. Rf3 {[%emt 0:00:33]} Qe2+ {[%emt 0:00:13]} 0-1

[Event "EYTCC Open U12 2018"]
[Site "Bad Blankeburg"]
[Date "2018.07.18"]
[Round "9"]
[White "Wagner, Leopold Franziskus"]
[Black "Maurizzi, Marc Andria"]
[Result "0-1"]
[WhiteElo "2108"]
[BlackElo "2155"]
[Annotator "NA"]
[PlyCount "102"]
[EventDate "2018.07.12"]
[EventType "swiss"]
[EventCountry "GER"]
[SourceTitle "playchess.com"]
[Source "ChessBase"]
[SourceQuality "1"]
[WhiteTeam "Germany"]
[BlackTeam "France"]
[WhiteTeamCountry "GER"]
[BlackTeamCountry "FRA"]
[TimeControl "40/5400+30:1800+30"]

1. Nf3 {[%emt 0:00:00]} Nf6 {[%emt 0:00:00]} 2. c4 {[%emt 0:00:21]} b6 {[%emt 0:00:20]} 3. Nc3 {[%emt 0:01:35]} Bb7 {[%emt 0:00:20]} 4. d4 {[%emt 0:03:14]} e6 {[%emt 0:00:11]} 5. Qc2 {[%emt 0:01:09]} c5 {[%emt 0:11:01]} 6. e4 {[%emt 0:05:14]} cxd4 {[%emt 0:00:23] E12: Queen's Indian: Unusual White 4th moves, 4 a3, 4 Nc3 Bb7 5 a3 and 4 Nc3 Bb7} 7. Nxd4 {[%emt 0:00:13]} d6 {[%emt 0:34:24]} (7... Bb4 8. f3 O-O 9. Bg5 Qc7 10. a3 Be7 11. Rd1 a6 12. Be2 d6 13. O-O Nbd7 14. Be3 Rac8 15. Rc1 Rfe8 {0-1 (46) Jakovenko,D (2713)-Vallejo Pons,F (2706) Khanty-Mansiysk 2013}) 8. Be2 {[%emt 0:04:24]} Be7 {[%emt 0:01:27]} 9. Be3 {[%emt 0:01:21]} O-O {[%emt 0:09:22]} 10. O-O {[%emt 0:00:35]} Nbd7 {[%emt 0:00:18]} 11. f4 {[%emt 0:01:43]} a6 {[%emt 0:02:12]} 12. Bf3 {[%emt 0:00:52]} Qc7 {[%emt 0:00:49]} 13. Rac1 {[%emt 0:00:37]} Rac8 {[%emt 0:01:17]} 14. b3 {[%emt 0:00:31]} Rfe8 $146 {[%emt 0:10:00]} ({Predecessor:} 14... Qb8 15. Qb1 Rfe8 16. f5 Bd8 17. fxe6 fxe6 {0-1 (29) Karayaylali,P (1593)-Yaremko,N (2324) Acri 2006}) 15. Rfd1 {[%emt 0:03:36]} Bf8 {[%emt 0:00:49]} 16. Qb1 {[%emt 0:04:25]} Qb8 {[%emt 0:02:18]} 17. Nde2 {[%emt 0:05:00]} Qa8 {[%emt 0:01:31]} 18. g4 {[%emt 0:02:01]} d5 {[%emt 0:05:25]} 19. Ng3 {[%emt 0:16:31]} Nc5 {[%emt 0:04:56]} 20. e5 {[%emt 0:05:17]} d4 {[%emt 0:00:17]} 21. Bxb7 {[%emt 0:00:07]} Qxb7 {[%emt 0:00:11]} 22. Bxd4 {[%emt 0:00:42]} Nxg4 {[%emt 0:00:11]} 23. Nce4 {[%emt 0:01:00]} Red8 {[%emt 0:02:09]} 24. Bxc5 {[%emt 0:03:45]} bxc5 {[%emt 0:02:24]} 25. Ng5 {[%emt 0:04:27]} g6 {[%emt 0:01:22]} 26. Qe4 {[%emt 0:00:48]} Qxe4 {[%emt 0:04:01]} 27. N3xe4 {[%emt 0:01:00]} h6 {[%emt 0:01:18]} 28. Nf3 {[%emt 0:01:01]} Ne3 {[%emt 0:00:14]} 29. Rxd8 {[%emt 0:00:59]} Rxd8 {[%emt 0:00:06]} 30. Kf2 {[%emt 0:00:22]} Nf5 {[%emt 0:00:27]} 31. Ke2 {[%emt 0:01:13]} Be7 {[%emt 0:00:53]} 32. Rd1 {[%emt 0:01:36]} Rxd1 {[%emt 0:00:17]} 33. Kxd1 {[%emt 0:00:06]} Ne3+ {[%emt 0:00:05]} 34. Kd2 {[%emt 0:02:46]} Ng2 {[%emt 0:00:05]} 35. Ne1 {[%emt 0:01:04]} Nxf4 {[%emt 0:00:16]} 36. Ke3 {[%emt 0:00:38]} g5 {[%emt 0:00:47]} 37. Nd3 {[%emt 0:02:58]} Nxd3 {[%emt 0:00:09]} 38. Kxd3 {[%emt 0:00:03]} Kf8 {[%emt 0:04:19]} 39. b4 {[%emt 0:01:34]} cxb4 {[%emt 0:00:11]} 40. c5 {[%emt 0:00:07]} Ke8 {[%emt 0:00:17]} 41. Kc4 {[%emt 0:46:29]} Kd7 {[%emt 0:31:03]} 42. Kxb4 {[%emt 0:02:00]} Kc6 {[%emt 0:00:18]} 43. Kc4 {[%emt 0:00:05]} h5 {[%emt 0:01:48]} 44. Kd4 {[%emt 0:01:22]} g4 {[%emt 0:00:00]} 45. Nd6 {[%emt 0:00:00]} f6 {[%emt 0:00:00]} 46. exf6 {[%emt 0:00:00]} Bxf6+ {[%emt 0:00:00]} (46... Bxd6 $142 47. cxd6 Kxd6) 47. Kc4 {[%emt 0:00:00]} Be5 {[%emt 0:00:00]} 48. Nc8 $19 {[%emt 0:00:00]} h4 {[%emt 0:00:00]} 49. Ne7+ {[%emt 0:00:00]} Kc7 {[%emt 0:00:00]} 50. Ng6 {[%emt 0:00:00]} g3 {[%emt 0:00:00]} 51. hxg3 {[%emt 0:00:00]} h3 {[%emt 0:00:00] Kd4} 0-1

[Event "EYTCC Open U12 2018"]
[Site "Bad Blankeburg"]
[Date "2018.07.18"]
[Round "9"]
[White "Droin, Augustin"]
[Black "Hommer, Jeremy"]
[Result "0-1"]
[WhiteElo "2095"]
[BlackElo "1926"]
[Annotator "NA"]
[PlyCount "64"]
[EventDate "2018.07.12"]
[EventType "swiss"]
[EventCountry "GER"]
[SourceTitle "playchess.com"]
[Source "ChessBase"]
[SourceQuality "1"]
[WhiteTeam "France"]
[BlackTeam "Germany"]
[WhiteTeamCountry "FRA"]
[BlackTeamCountry "GER"]
[TimeControl "40/5400+30:1800+30"]

1. e4 {[%emt 0:00:00]} c6 {[%emt 0:00:00]} 2. Nc3 {[%emt 0:00:00]} d5 {[%emt 0:00:00]} 3. Nf3 {[%emt 0:00:04]} Bg4 {[%emt 0:00:12]} 4. h3 {[%emt 0:00:56]} Bxf3 {[%emt 0:00:11]} 5. Qxf3 {[%emt 0:00:09]} e6 {[%emt 0:00:11]} 6. Be2 {[%emt 0:03:37]} Nd7 {[%emt 0:01:11] B11: Caro-Kann (Zweispringer-Variante)} (6... Bc5 7. O-O Ne7 8. Na4 Bd6 9. d4 dxe4 10. Qxe4 Nd7 11. Rd1 O-O 12. Qf3 Qa5 13. Nc3 Nf6 14. Ne4 Nxe4 15. Qxe4 {1-0 (57) Vachier Lagrave,M (2783)-Mamedyarov,S (2784) Paris 2017 CBM 179 [Yermolinsky,A]}) 7. Qg3 {[%emt 0:03:21]} g6 {[%emt 0:03:24]} 8. O-O {[%emt 0:00:42]} Bg7 {[%emt 0:00:14]} 9. d3 {[%emt 0:01:54]} Ne7 {[%emt 0:02:16]} 10. Kh1 {[%emt 0:09:14]} O-O {[%emt 0:03:15] LiveBook: 3 Games} 11. Bd2 $146 {[%emt 0:00:51]} ({Vorgänger:} 11. a4 Rc8 12. a5 a6 13. Bg5 h6 {½-½ (40) Sahl,B (2355)-Hole,O (2367) Norway 2012}) 11... a5 {[%emt 0:05:30]} 12. f4 {[%emt 0:05:10]} a4 {[%emt 0:07:41]} 13. a3 {[%emt 0:00:47]} Qb8 {[%emt 0:08:21]} 14. h4 {[%emt 0:07:47]} Rd8 {[%emt 0:16:32]} (14... h5 $11) 15. h5 {[%emt 0:11:56]} b5 {[%emt 0:08:20]} 16. Be1 {[%emt 0:09:28]} c5 {[%emt 0:04:08]} 17. f5 {[%emt 0:05:41]} Qxg3 {[%emt 0:02:14]} 18. Bxg3 {[%emt 0:00:06]} b4 {[%emt 0:13:07]} 19. axb4 {[%emt 0:02:29]} a3 {[%emt 0:00:09]} 20. Bh4 {[%emt 0:04:34]} axb2 {[%emt 0:06:04]} 21. Rxa8 {[%emt 0:01:34]} Rxa8 {[%emt 0:00:02]} 22. f6 $2 {[%emt 0:01:00] [#]} (22. Nb1 $17 {was worth a try.} Bf6 23. Bxf6 Nxf6 24. fxg6) 22... Bh8 $2 {[%emt 0:00:25]} (22... Bxf6 $1 $19 {[%mdl 512]} 23. Bxf6 (23. Rxf6 Nxf6) 23... Nxf6 24. Rxf6 cxb4) 23. fxe7 {[%emt 0:11:27]} Bxc3 {[%emt 0:00:11]} 24. exd5 {[%emt 0:00:10]} exd5 {[%emt 0:02:02]} 25. bxc5 {[%emt 0:02:49]} Nf6 {[%emt 0:10:07]} 26. Bxf6 {[%emt 0:04:46]} Bxf6 {[%emt 0:00:04]} 27. Rb1 {[%emt 0:00:38]} Re8 {[%emt 0:00:57]} 28. Bf3 {[%emt 0:05:44]} Rxe7 $19 {[%emt 0:01:08]} 29. c6 {[%emt 0:00:17]} Ra7 {[%emt 0:01:01]} 30. g3 {[%emt 0:00:29]} Be5 {[%emt 0:00:33]} 31. c7 {[%emt 0:02:18]} Rxc7 {[%emt 0:00:15]} 32. Bd1 {[%emt 0:00:38]} Bc3 {[%emt 0:00:08]} 0-1

[Event "EYTCC Open U12 2018"]
[Site "Bad Blankeburg"]
[Date "2018.07.18"]
[Round "9"]
[White "Razafindratsima, Timothe"]
[Black "Sosa Costa, Leonardo"]
[Result "1/2-1/2"]
[WhiteElo "1975"]
[BlackElo "1945"]
[Annotator "NA"]
[PlyCount "93"]
[EventDate "2018.07.12"]
[EventType "swiss"]
[EventCountry "GER"]
[SourceTitle "playchess.com"]
[Source "ChessBase"]
[SourceQuality "1"]
[WhiteTeam "France"]
[BlackTeam "Uruguay"]
[WhiteTeamCountry "FRA"]
[BlackTeamCountry "URU"]
[TimeControl "40/5400+30:1800+30"]

1. e4 {[%emt 0:00:00]} c5 {[%emt 0:00:00]} 2. Nf3 {[%emt 0:00:00]} d6 {[%emt 0:00:00]} 3. Bb5+ {[%emt 0:00:00]} Bd7 {[%emt 0:00:00]} 4. Bxd7+ {[%emt 0:00:00]} Qxd7 {[%emt 0:00:01]} 5. O-O {[%emt 0:00:13]} Nf6 {[%emt 0:01:15]} 6. Qe2 {[%emt 0:00:25]} Nc6 {[%emt 0:01:57]} 7. Rd1 {[%emt 0:01:03]} g6 {[%emt 0:04:57]} 8. c3 {[%emt 0:02:08]} Bg7 {[%emt 0:04:38]} 9. d4 {[%emt 0:00:08]} cxd4 {[%emt 0:00:24]} 10. cxd4 {[%emt 0:00:10]} O-O {[%emt 0:09:59]} 11. Nc3 {[%emt 0:00:48]} e6 {[%emt 0:10:57] B52: Sicilian: Moscow Variation with 3...Bd7} (11... Rac8 12. h3 h6 13. Bf4 g5 14. Bh2 g4 15. Nh4 gxh3 16. Nf5 d5 17. Nxd5 Nxe4 18. Qg4 Ng5 19. Nxh6+ Bxh6 20. Qxd7 {1-0 (20) Mamedov,R (2709)-Abdyjapar,A (2382) Riadh 2017}) 12. Bg5 {[%emt 0:06:39]} h6 {[%emt 0:07:24]} 13. Bd2 $146 {[%emt 0:18:54]} ({Predecessor:} 13. Bh4 Rfe8 14. Qd2 g5 15. Bg3 d5 16. e5 Ne4 17. Qe3 Nxc3 18. Qxc3 Rac8 19. Qd2 {1-0 (42) Mokshanov,A (2372)-Tantsiura,M (2138) St Petersburg 2011}) 13... Qe7 {[%emt 0:02:44]} 14. Rac1 {[%emt 0:04:49]} Rfd8 {[%emt 0:01:31]} 15. h3 {[%emt 0:11:53]} a6 {[%emt 0:09:07]} 16. Re1 {[%emt 0:09:31]} Rac8 {[%emt 0:12:00]} 17. b3 {[%emt 0:17:37]} Re8 {[%emt 0:06:39]} 18. Be3 {[%emt 0:01:50]} b5 {[%emt 0:04:03]} 19. a3 {[%emt 0:07:17]} Qb7 {[%emt 0:04:11]} 20. Nd2 {[%emt 0:02:00]} e5 {[%emt 0:03:24]} 21. d5 {[%emt 0:01:54]} Nd4 {[%emt 0:00:29]} 22. Qd3 {[%emt 0:00:54]} Nd7 {[%emt 0:00:36]} 23. b4 {[%emt 0:00:34]} Nb6 {[%emt 0:02:11]} 24. Bxd4 {[%emt 0:01:47]} exd4 {[%emt 0:00:19]} 25. Ne2 {[%emt 0:00:09]} Qa7 {[%emt 0:05:42]} 26. Nxd4 {[%emt 0:01:33]} Nxd5 {[%emt 0:00:39]} 27. Nc6 {[%emt 0:02:56]} Nf4 {[%emt 0:00:41]} 28. Qxd6 {[%emt 0:00:38]} Be5 {[%emt 0:04:28]} 29. Ne7+ Kh7 {[%emt 0:01:09]} 30. Nxc8 {[%emt 0:06:46]} Rxc8 {[%emt 0:00:33]} 31. Qxe5 {[%emt 0:00:22]} Rxc1 {[%emt 0:01:12]} 32. Rxc1 {[%emt 0:00:30]} Nd3 {[%emt 0:01:38]} 33. Qc7 {[%emt 0:01:52]} Qxf2+ {[%emt 0:00:09]} 34. Kh1 {[%emt 0:00:36]} Ne1 {[%emt 0:00:39]} 35. Qh2 {[%emt 0:00:45]} Qxd2 {[%emt 0:00:36]} 36. Rc7 {[%emt 0:00:29]} Kg8 {[%emt 0:00:34]} 37. Qg1 {[%emt 0:00:24]} Nd3 {[%emt 0:00:38]} 38. Rc8+ {[%emt 0:00:27]} Kh7 {[%emt 0:00:07]} 39. Kh2 $2 {[%emt 0:00:39]} (39. Qa1 $18 {[%csl Ga1][%cal Rc8h8]} Nb2 40. Ra8) 39... Qf4+ {[%emt 0:00:42]} 40. g3 {[%emt 0:00:10]} Qxe4 {[%emt 0:00:37]} 41. Qg2 {[%emt 0:30:41]} Qe6 {[%emt 0:30:39]} 42. Rc6 {[%emt 0:00:57]} Qf5 {[%emt 0:00:00]} 43. Rc3 {[%emt 0:00:00]} Ne5 {[%emt 0:00:00]} 44. Re3 {[%emt 0:00:00]} h5 {[%emt 0:00:00]} 45. Kg1 $14 {[%emt 0:00:00]} Qd7 {[%emt 0:00:00]} 46. Qe2 {[%emt 0:00:00]} f6 {[%emt 0:00:00]} 47. Kh2 {[%emt 0:00:00]} 1/2-1/2

[Event "EYTCC Open U12 2018"]
[Site "Bad Blankeburg"]
[Date "2018.07.18"]
[Round "9"]
[White "Hagner, Bennet"]
[Black "Sokolovsky, Yahli"]
[Result "1/2-1/2"]
[WhiteElo "1947"]
[BlackElo "2106"]
[Annotator "NA"]
[PlyCount "103"]
[EventDate "2018.07.12"]
[EventType "swiss"]
[EventCountry "GER"]
[SourceTitle "playchess.com"]
[Source "ChessBase"]
[SourceQuality "1"]
[WhiteTeam "Germany"]
[BlackTeam "Israel"]
[WhiteTeamCountry "GER"]
[BlackTeamCountry "ISR"]
[TimeControl "40/5400+30:1800+30"]

1. e4 {[%emt 0:03:32]} c5 {[%emt 0:00:00]} 2. Nf3 {[%emt 0:00:11]} d6 {[%emt 0:00:00]} 3. d4 {[%emt 0:00:15]} cxd4 {[%emt 0:00:00]} 4. Nxd4 {[%emt 0:00:06]} Nf6 {[%emt 0:00:00]} 5. Nc3 {[%emt 0:00:15]} Nbd7 {[%emt 0:00:33]} 6. Bd3 {[%emt 0:03:11] B56: Classical Sicilian: Unusual Lines} a6 {[%emt 0:00:43]} 7. O-O {[%emt 0:01:29]} g6 {[%emt 0:09:42]} 8. Be3 {[%emt 0:03:53]} (8. Re1 Bg7 9. a4 O-O 10. h3 Nc5 11. Bf1 Bd7 12. a5 Re8 13. Bg5 h6 14. Bh4 {0-1 (51) Motylev,A (2675)-Giri,A (2772) Tbilisi 2017}) 8... Bg7 {[%emt 0:01:08]} 9. f4 {[%emt 0:02:10]} Qc7 {[%emt 0:05:07]} 10. a4 {[%emt 0:07:44]} b6 $146 {[%emt 0:03:22]} ({Predecessor:} 10... O-O 11. Qf3 Nb6 12. h3 Nc4 13. Bxc4 Qxc4 14. Rfd1 e6 15. Nb3 {1-0 (34) Guzenko,A (2091)-Bodnaruk,A (2331) St Petersburg 2007}) 11. a5 {[%emt 0:07:44]} b5 {[%emt 0:02:34]} 12. Kh1 {[%emt 0:29:18]} Bb7 {[%emt 0:05:01]} 13. Qe2 {[%emt 0:16:52]} b4 {[%emt 0:13:30]} 14. Na4 {[%emt 0:04:59]} Bxe4 {[%emt 0:10:20]} 15. Nb6 {[%emt 0:02:35]} Nxb6 {[%emt 0:03:40]} 16. axb6 {[%emt 0:00:42]} Bxd3 17. cxd3 {[%emt 0:01:11]} Qb7 {[%emt 0:05:04]} 18. Nb3 {[%emt 0:01:23]} O-O {[%emt 0:04:38]} 19. Na5 {[%emt 0:02:13]} Qd5 {[%emt 0:02:18]} 20. b7 {[%emt 0:00:27]} Rae8 {[%emt 0:01:56]} 21. d4 {[%emt 0:01:47]} e5 {[%emt 0:01:49]} 22. dxe5 {[%emt 0:00:54]} dxe5 {[%emt 0:00:26]} 23. Qxa6 {[%emt 0:00:29]} Ng4 {[%emt 0:04:48]} 24. Rad1 {[%emt 0:01:47]} Qe4 {[%emt 0:02:46]} 25. Bc5 {[%emt 0:01:18]} exf4 {[%emt 0:06:43]} 26. Bxf8 {[%emt 0:02:16]} Bxf8 {[%emt 0:10:31]} 27. Qc6 {[%emt 0:02:00]} Qe7 {[%emt 0:04:44]} 28. Nc4 {[%emt 0:02:01]} Ne3 {[%emt 0:02:04]} 29. Rd7 {[%emt 0:00:53]} Qg5 30. Nxe3 {[%emt 0:00:26]} fxe3 {[%emt 0:00:43]} 31. Rdxf7 {[%emt 0:00:20]} Qd8 {[%emt 0:00:45]} 32. Rxf8+ {[%emt 0:00:43]} Rxf8 {[%emt 0:00:02]} 33. Qe6+ {[%emt 0:00:16]} Kg7 {[%emt 0:00:21]} 34. Qe5+ {[%emt 0:00:15]} Kh6 {[%emt 0:00:18]} 35. Qxe3+ {[%emt 0:00:12]} Kg7 {[%emt 0:01:13]} 36. Qe5+ {[%emt 0:00:47]} Kh6 {[%emt 0:00:05]} 37. Re1 {[%emt 0:00:38]} Qd3 {[%emt 0:01:05]} 38. h3 {[%emt 0:00:33]} Qd2 {[%emt 0:00:30]} 39. Rg1 {[%emt 0:00:38]} Qd8 {[%emt 0:00:23]} 40. Re1 {[%emt 0:00:53]} Qb8 {[%emt 0:00:29]} 41. Qe3+ {[%emt 0:30:36]} Kg7 {[%emt 0:30:26]} 42. Qd4+ {[%emt 0:00:21]} Kg8 {[%emt 0:00:29]} 43. Qd5+ {[%emt 0:00:35]} Kh8 {[%emt 0:00:38]} 44. Qd4+ {[%emt 0:00:37]} Kg8 {[%emt 0:00:02]} 45. Qc4+ {[%emt 0:00:14]} Kh8 {[%emt 0:00:53]} 46. Re7 {[%emt 0:00:36]} Qd6 {[%emt 0:00:00]} 47. Re6 {[%emt 0:00:00]} Qd7 {[%emt 0:00:00]} 48. Qxb4 {[%emt 0:00:00]} Rb8 {[%emt 0:00:00]} 49. Re7 {[%emt 0:00:00]} Qd3 {[%emt 0:00:00]} 50. Qc3+ {[%emt 0:00:00]} Qxc3 {[%emt 0:00:00]} 51. bxc3 {[%emt 0:00:00]} h5 {[%emt 0:00:00]} 52. Rc7 {[%emt 0:00:00]} 1/2-1/2

[Event "EYTCC Open U12 2018"]
[Site "Bad Blankeburg"]
[Date "2018.07.18"]
[Round "9"]
[White "Aizenberg, Benny"]
[Black "Ermitsch, Magnus"]
[Result "1-0"]
[WhiteElo "1941"]
[BlackElo "1594"]
[Annotator "NA"]
[PlyCount "75"]
[EventDate "2018.07.12"]
[EventType "swiss"]
[EventCountry "GER"]
[SourceTitle "playchess.com"]
[Source "ChessBase"]
[SourceQuality "1"]
[WhiteTeam "Israel"]
[BlackTeam "Germany"]
[WhiteTeamCountry "ISR"]
[BlackTeamCountry "GER"]
[TimeControl "40/5400+30:1800+30"]

1. e4 {[%emt 0:00:00]} c5 {[%emt 0:00:41]} 2. Nf3 {[%emt 0:00:00]} e6 {[%emt 0:01:24]} 3. d4 {[%emt 0:00:00]} cxd4 {[%emt 0:01:32]} 4. Nxd4 {[%emt 0:00:00]} Nc6 {[%emt 0:01:41]} 5. Nc3 {[%emt 0:00:00]} Qc7 {[%emt 0:01:30]} 6. Be2 {[%emt 0:00:00]} a6 {[%emt 0:04:29]} 7. O-O {[%emt 0:00:03]} Nf6 {[%emt 0:00:55]} 8. Be3 {[%emt 0:00:04]} Be7 {[%emt 0:03:15]} 9. f4 {[%emt 0:02:22]} d6 {[%emt 0:02:19]} 10. Qe1 {[%emt 0:04:13]} O-O {[%emt 0:02:07]} 11. Qg3 {[%emt 0:00:30]} Bd7 {[%emt 0:11:44]} 12. Kh1 {[%emt 0:16:56]} Rac8 {[%emt 0:03:14]} 13. e5 {[%emt 0:02:41]} Nxd4 {[%emt 0:03:49]} 14. Bxd4 {[%emt 0:00:40]} Ne8 {[%emt 0:01:48]} 15. Ne4 {[%emt 0:03:08]} dxe5 {[%emt 0:02:46]} 16. fxe5 {[%emt 0:02:24]} f5 {[%emt 0:03:02]} 17. exf6 {[%emt 0:01:51]} Nxf6 {[%emt 0:01:21]} 18. Be5 {[%emt 0:01:27]} Qd8 {[%emt 0:01:03]} 19. Rad1 {[%emt 0:03:25]} Kh8 {[%emt 0:04:30]} 20. Ng5 {[%emt 0:01:54]} Qe8 {[%emt 0:03:06]} 21. c4 {[%emt 0:05:21]} h6 {[%emt 0:04:31]} 22. Ne4 {[%emt 0:01:25]} Qf7 {[%emt 0:01:38]} 23. Rxd7 {[%emt 0:00:49]} Nxe4 {[%emt 0:00:30]} 24. Qxg7+ {[%emt 0:05:56]} Qxg7 {[%emt 0:00:12]} 25. Bxg7+ {[%emt 0:00:01]} Kxg7 {[%emt 0:00:27]} 26. Rxe7+ {[%emt 0:00:06]} Kg8 {[%emt 0:01:51]} 27. Rxf8+ {[%emt 0:00:17]} Rxf8 {[%emt 0:00:26]} 28. Rxe6 {[%emt 0:00:18]} Nc5 {[%emt 0:01:47]} 29. Re5 {[%emt 0:00:06]} Nd7 {[%emt 0:01:17]} 30. Re7 {[%emt 0:00:06]} Nc5 {[%emt 0:02:23]} 31. Bf3 {[%emt 0:00:16]} Rf6 {[%emt 0:00:52]} 32. b4 {[%emt 0:00:19]} Kf8 {[%emt 0:00:49]} 33. Rc7 {[%emt 0:00:44]} Nd3 {[%emt 0:01:52]} 34. Rxb7 {[%emt 0:00:05]} Ne5 {[%emt 0:00:07]} 35. c5 {[%emt 0:01:40]} Nxf3 {[%emt 0:00:23]} 36. gxf3 {[%emt 0:00:07]} Rxf3 {[%emt 0:00:10]} 37. a4 {[%emt 0:00:35]} Rf4 {[%emt 0:02:09]} 38. c6 {[%emt 0:00:32]} 1-0